000 00554nam a2200181Ia 4500
008 090124s9999 xx 000 0 und d
082 _b29029
_a1797
100 _aदेऊळगावकर अतुल
245 _a डळमळले भूमंडळ
250 _a1
260 _c1997
300 _a170
600 _aदेऊळगावकर अतुल
630 _a डळमळले भूमंडळ
700 _aदेऊळगावकर अतुल
730 _a डळमळले भूमंडळ
942 _cBOOK
999 _c142484
_d142484